00517nam a22001697a 4500003000900000005001700009008003800026040002200064082002100086100001700107245008600124260004200210300002700252490001700279700003400296830001700330DO-SdBNP20180131115621.0151019b sp 1966 |||| 00| 0 spa d aBPMSUbspacBPMSU 4axxxxxxxbxxxxxxx1 aBlyton, Enid14aLos niños de prados verdes /cEnid Blyton ; traducción M. L. Pol de Ramírez aBarcelona, España :bMolino,c1966. a185 p. :bil.,c20 cm.1 aAventurav671 aPol Ramírez, M. L. de,ntr. 0aAventuran67